000 00933nam a22003134i 4500
999 _c64691
_d64691
001 13216340
003 CO-MdFUSB
005 20181102085001.0
008 860213s1986 enk 000 0 eng
010 _a86003046
020 _a0877849498
040 _aDLC
_dCUF
_dUtOrBLW
_bspa
_cCO-MdFUSB
_erda
041 _aeng
043 _aa-is---
082 _a220.9
_223
_bT468
100 1 _aThompson, J. A.
_d1913-
_eautor
245 1 0 _aHandbook of life in Bible times
_c/ J.A. Thompson.
264 1 _aLeicester ;
_bInterVarsity Press,
_c℗[1986]
264 4 _c©1986.
300 _a384 páginas :
_bilustraciones (algunas a color), mapas ;
_c26 cm.
336 _atexto
_btxt
_2rdacontent.
337 _asin mediación
_bn
_2rdamedia.
338 _avolumen
_bnc
_2rdacarrier.
563 _aTapa rústica
650 7 _aJudíos
_xHistoria
_y70 a. C.
_9270
942 _cREF